00986nam a2200265 a 450000100060000000300100000600500170001600800410003302000150007402000180008903500140010704000240012108200250014510000350017024500870020525000120029226000640030430000320036850000920040050400500049265000280054294200120057099900170058295201210059938300(BD-RjUL)20211209052752.0920605s1992 njua b 000 0 eng d a8120308484 a9788120308480 a(BD-RjUL) aDLCc(BD-RjUL)dDLC a004.16220bRAM 20001 aRafiquzzaman, Mohamed.911839010aMicroprocessors :btheory and applications (Intel and Motorola) /cM. Rafiquzzaman aRev. ed aNew Delhi ;bPrentice-Hall of India,cc1992 [reprint 2000]. aix, 468 p. :bill. ;c30 cm aRev. ed. of: Microcomputer theory and applications with the Intel SDK-85. 2nd ed. c1987 aIncludes bibliographical references and index 0aMicroprocessors9118391 2ddccBK c38300d38300 00102ddc4071aICEbICEcSeminar Libraryd2015-11-02l0o004.16 RAM 2000r2015-11-02 00:00:00tC.1w2015-11-02yBK